Sobre "Insulas extrañas" (Record no. 77618)

MARC details
000 -LEADER
campo de control de longitud fija 00761nam a2200217 i 4500
001 - NÚMERO DE CONTROL
campo de control 77618
003 - IDENTIFICADOR DE NÚMERO DE CONTROL
campo de control ES-MaACL
005 - FECHA Y HORA DE LA ÚLTIMA TRANSACCIÓN
campo de control 20250801081933.0
007 - CAMPO FIJO DE DESCRIPCIÓN FÍSICA--INFORMACIÓN GENERAL
campo de control de longitud fija t|
008 - DATOS DE LONGITUD FIJA--INFORMACIÓN GENERAL
campo de control de longitud fija 041027s2001 pr ||||1| spa d
020 ## - NÚMERO INTERNACIONAL ESTÁNDAR DEL LIBRO
Número Internacional Estándar del Libro 0-8477-0391-6
245 00 - MENCIÓN DEL TÍTULO
Título Sobre "Insulas extrañas"
Resto del título : el clásico de Pedreira /
Mención de responsabilidad, etc. anotado por Tomás Blanco ; edición de Mercedes López-Baralt.
250 ## - MENCION DE EDICION
Mención de edición 1ª ed.
260 ## - PUBLICACIÓN, DISTRIBUCIÓN, ETC.
Lugar de publicación, distribución, etc. San Juan de Puerto Rico :
Nombre del editor, distribuidor, etc. Universidad de Puerto Rico,
Fecha de publicación, distribución, etc. 2001.
300 ## - DESCRIPCIÓN FÍSICA
Extensión 447 p. ;
Dimensiones 26 cm.
600 14 - PUNTO DE ACCESO ADICIONAL DE MATERIA--NOMBRE DE PERSONA
Nombre de persona Blanco, Tomás,
Fechas asociadas al nombre 1896-1975
9 (RLIN) 29209
600 14 - PUNTO DE ACCESO ADICIONAL DE MATERIA--NOMBRE DE PERSONA
Nombre de persona López Baralt, Mercedes.
9 (RLIN) 208535
651 #4 - PUNTO DE ACCESO ADICIONAL DE MATERIA--NOMBRE GEOGRÁFICO
Nombre geográfico Puerto Rico-
Subdivisión general Civilización.
9 (RLIN) 9276
852 ## - LOCALIZACIÓN
Ubicación ES-MaACL
Número de control de estantería E-10161
Sublocalización o colección R.134396
Holdings
Estatus retirado Estado de pérdida Estado de daño No para préstamo Biblioteca de origen Biblioteca actual Ubicación en estantería Fecha de adquisición Fuente de adquisición Total de préstamos Signatura topográfica completa Código de barras Visto por última vez Precio de reemplazo Tipo de ítem Koha
        Biblioteca del Ateneo de Madrid Biblioteca del Ateneo de Madrid Depósito 2 17/01/2008     E-10161 1081207 23/02/2023 23/02/2023 Libro impreso